Calendrier F1 2026 - Statistiques

Statistiques générales
  • Ce quiz a été pris 52 fois
  • Le résultat moyen est 15 sur 30
Statistiques - réponses
Date GP Nom du GP % Correct
8 mars Australie
97%
15 mars Chine
85%
29 mars Japon
82%
19 avril Arabie Saoudite
73%
3 mai Miami
70%
7 juin Monaco
67%
6 décembre Abou Dabi
64%
12 avril Bahreïn
64%
24 mai Canada
64%
6 septembre Italie
61%
19 juillet Belgique
58%
14 juin Espagne
55%
22 novembre Las Vegas
55%
8 novembre Brésil
52%
25 octobre Etats-Unis
52%
29 novembre Qatar
52%
1er Chine
48%
1er Novembre Mexique
48%
11 octobre Singapour
48%
28 juin Autriche
45%
5 juillet Grande-Bretagne
45%
26 juillet Hongrie
45%
23 août Pays-Bas
42%
27 septembre Azerbaïdjan
36%
13 septembre Madrid
30%
2e Miami
27%
3e Canada
15%
4e Grande-Bretagne
15%
5e Pays-Bas
9%
6e Singapour
9%
Aucun quiz correspondant
Distribution des résultats
% des personnes avec chaque résultat
Percentile par nombre de réponses
Votre historique - résultats
Vous n’avez pas pris ce quiz